Central Library OPAC University of Rajshahi

Introduction to the theory of games / (Record no. 8698)

MARC details
000 -LEADER
fixed length control field 00837cam a22002771 4500
001 - CONTROL NUMBER
control field 8698
003 - CONTROL NUMBER IDENTIFIER
rucl marc code BD-RjUL
005 - DATE AND TIME OF LATEST TRANSACTION
control field 20211208234632.0
008 - FIXED-LENGTH DATA ELEMENTS--GENERAL INFORMATION
fixed length control field 190114s1952 nyua b 000 0 eng
035 ## - SYSTEM CONTROL NUMBER
System control number (BD-RjUL)8743
040 ## - CATALOGING SOURCE
Original cataloging agency DLC
Transcribing agency DLC
Modifying agency ICU
-- DLC
-- BD-RjUL
Language of cataloging eng
041 ## - LANGUAGE CODE
Language code of text/sound track or separate title eng
082 00 - DEWEY DECIMAL CLASSIFICATION NUMBER
Classification number 512.89
Edition number 18
Author mark and year MCI 1952
100 1# - MAIN ENTRY--PERSONAL NAME
Personal name McKinsey, J. C. C.
Fuller form of name (John Charles Chenoweth),
Dates associated with a name 1908-
9 (RLIN) 27071
245 00 - TITLE STATEMENT
Title Introduction to the theory of games /
Statement of responsibility, etc. J C C McKinsey.
250 ## - EDITION STATEMENT
Edition statement 1st ed.
260 ## - PUBLICATION, DISTRIBUTION, ETC. (IMPRINT)
Place of publication, distribution, etc. New York :
Name of publisher, distributor, etc. McGraw-Hill,
Date of publication, distribution, etc. c1952.
300 ## - PHYSICAL DESCRIPTION
Pagination x, 371 p. :
Illustrations diagrs. ;
Size 24 cm.
490 1# - SERIES STATEMENT
Series statement The Rand series
504 ## - BIBLIOGRAPHY, ETC. NOTE
Bibliography, etc Bibliography: p. 361-367.
650 #0 - SUBJECT ADDED ENTRY--TOPICAL TERM
Topical term or geographic name as entry element Games of strategy (Mathematics)
9 (RLIN) 26177
830 #0 - SERIES ADDED ENTRY--UNIFORM TITLE
Uniform title Rand series (New York, N.Y.)
942 ## - ADDED ENTRY ELEMENTS (KOHA)
Source of classification or shelving scheme Dewey Decimal Classification
Koha item type Books
Holdings
Lost status Source of classification or shelving scheme Damaged status Not for loan Permanent Location Current Location Shelving location Date acquired Source of acquisition Cost, normal purchase price Total Checkouts Full call number Date last seen Copy number Koha item type
  Dewey Decimal Classification   Not For Loan Central Library, University of Rajshahi Central Library, University of Rajshahi   12/12/1962 Zeitlinger 77.60   512.89 MCI 1952 19/01/2014 C-1 Books